Políticas científicas en Centroamérica

Gespeichert in:
Bibliographische Detailangaben
1. Verfasser: Mulligan, Mary Jane
Format: Text
Veröffentlicht: s.l.e :
Schlagworte:
Tags: Tag hinzufügen
Keine Tags, Fügen Sie den ersten Tag hinzu!

MARC

LEADER 00000 a a2200000 04500
001 15665
003
040 |a CRAI/IIS  |c CRAI/IIS 
090 |a 029900  
100 |a Mulligan, Mary Jane  
245 |a Políticas científicas en Centroamérica  
260 |a s.l.e :  
300 |a 26 p.  
650 |a POLITICA CIENTIFICA  
999 |c 14358  |d 14358